000 00890nam a2200277 i 4500
001 bg
100 1 _aPOTOCKI, Arkadiusz
245 1 0 _aTechniki komunikacji w organizacjach gospodarczych /
_cArkadiusz Potocki, Renata Winkler, Agnieszka Żbikowska.
260 _aWarszawa :
_b"Difin",
_c2003.
300 _a319 s. ;
_c24 cm.
504 _aBibliogr.
650 9 _aInformacja
_xzagadnienia
650 9 _aKomunikacja społeczna
_xzagadnienia
650 9 _aPrzedsiębiorstwo
_xorganizacja
_xzagadnienia
650 9 _aZarządzanie
_xzagadnienia
700 1 _aWINKLER, Renata
700 1 _aŻBIKOWSKA, Agnieszka
020 _a8372513732
040 _cBPK
041 0 _apol
080 _a658.1/.5.012.4:316.77
920 _a83-7251-373-2
942 _cKS
008 s pl f |000 0 pol
999 _c43574
_d43574
856 _uhttp://koha.tu.koszalin.pl/cgi-bin/koha/opac-detail.pl?biblionumber=43574
_yKatalog online BPK